| 000 | 00391pab a2200157 454500 | ||
|---|---|---|---|
| 008 | 180718b2010 xxu||||| |||| 00| 0 eng d | ||
| 100 | _aPothen, K.P. | ||
| 245 | _aSociological study of the problem of rape in Central India | ||
| 260 | _c2010 | ||
| 300 | _ap.501-506. | ||
| 362 | _aJul-Dec | ||
| 650 | _aSexual abuse | ||
| 773 | _aEastern Anthropologist | ||
| 908 | _aN | ||
| 909 | _a91396 | ||
| 999 |
_c91396 _d91396 |
||